000 01069cas a22002535a 4500
001 L137137
008 070316c2001 xxkar ws ss 00 a0eng u
035 _a(Sirsi) u137137
041 0 _aeng
110 2 _aBritish Property Federation
_91604
245 0 0 _aBPF/IPD annual lease review
_h[electronic resource]
260 _aLondon
_bBPF
_bIPD
_c2001-
362 0 _a2001-
490 0 _aBPF/IPD Annual Lease Review
520 _aProvides a full analysis of commercial lease lengths, break clauses, rent free periods and income profiles, drawing upon detailed evidence from 75 000 tenancies.
554 _aAnnual
651 4 _aUnited Kingdom
_y
690 _aPROPERTY-COMMERCIAL PROPERTY-COMMERCIAL PROPERTY MARKET
690 _aPROPERTY-COMMERCIAL PROPERTY-COMMERCIAL LANDLORD AND TENANT-COMMERCIAL LEASES
710 2 _aInvestment Property Databank
_92288
780 0 0 _tBPF/IPD annual lease review (hard copy)
856 4 0 _uhttps://www.bpf.org.uk/en/what_we_do/commercial/lease_code_and_clas.php
_zView the item free of charge at www.bpf.org.uk...
942 _n0
999 _c118882
_d118882